Improving access to HIV/AIDS medicines in Africa: trade-related aspects of intellectual property rights flexibilities (Record no. 64109)

MARC details
000 -LEADER
fixed length control field 01113nam a2200229 a 4500
008 - FIXED-LENGTH DATA ELEMENTS--GENERAL INFORMATION
fixed length control field 080915s2008 ||||||||||||||||| || u
020 ## - INTERNATIONAL STANDARD BOOK NUMBER
International Standard Book Number 9780821375440
050 ## - LIBRARY OF CONGRESS CALL NUMBER
Classification number IBRD(06)DD/2008/8
100 ## - MAIN ENTRY--PERSONAL NAME
Personal name Osewe, Patrick L
245 10 - TITLE STATEMENT
Title Improving access to HIV/AIDS medicines in Africa: trade-related aspects of intellectual property rights flexibilities
260 ## - PUBLICATION, DISTRIBUTION, ETC.
Place of publication, distribution, etc. Washington, D.C.
Name of publisher, distributor, etc. World Bank
Date of publication, distribution, etc. 2008
300 ## - PHYSICAL DESCRIPTION
Extent xv, 65p.: ill
350 ## -
-- 0.00
490 ## -
-- Directions in development (Human development)
650 ## - SUBJECT ADDED ENTRY--TOPICAL TERM
Topical term or geographic name entry element AGREEMENT ON TRADE-RELATED ASPECTS OF INTELLECTUAL PROPERTY RIGHTS (1994)
650 ## - SUBJECT ADDED ENTRY--TOPICAL TERM
Topical term or geographic name entry element ANTIRETROVIRAL AGENTS--AFRICA, SUB-SAHARAN--PATENTS
700 ## - ADDED ENTRY--PERSONAL NAME
Personal name Nkrumah, Yvonne K
700 ## - ADDED ENTRY--PERSONAL NAME
Personal name Sackey, Emmanuel K
710 ## - ADDED ENTRY--CORPORATE NAME
Corporate name or jurisdiction name as entry element World Bank
995 ## -
-- SPECIAL COLLECTIONS
-- 903550
-- CBU-SCHOOL OF MEDICINE LIBRARY (Ndola)
-- 25.00
-- IBRD(06)DD/2008/8
-- 2
-- AVAILABLE
-- Feb 17, 2016
-- 903550
-- International Publications
995 ## -
-- SPECIAL COLLECTIONS
-- 0.00
-- 9780821375440
-- CBU-MAIN LIBRARY (Kitwe)
-- 1
-- 0.00
-- IBRD(06)DD/2008/8
-- 1
-- AVAILABLE
-- Sep 16, 2008
-- 9780821375440
-- International Publications
999 ## -
-- 64109
-- 64109
Holdings
Withdrawn status Lost status Source of classification or shelving scheme Damaged status Not for loan Permanent Location Current Location Shelving location Date acquired Total Checkouts Full call number Barcode Date last seen Copy number Price effective from Koha item type
          CBU-MAIN LIBRARY, KITWE. CBU-MAIN LIBRARY, KITWE.   02/09/2023   IBRD(06)DD/2008/8 9780821375440 02/09/2023 2 02/09/2023 SPECIAL COLLECTION
          CBU-SCHOOL OF MEDICINE LIBRARY, NDOLA. CBU-SCHOOL OF MEDICINE LIBRARY, NDOLA.   02/09/2023   IBRD(06)DD/2008/8 903550 02/09/2023 1 02/09/2023 SPECIAL COLLECTION